[Event "Club Championships, A Grade"]
[Site "Wellington Chess Club"]
[Date "2010.08.31"]
[Round "6"]
[White "Turner, Michael"]
[Black "Marner, Gavin"]
[Result "0-1"]
[WhiteElo "2099"]
[BlackElo "2034"]

1. d4 Nf6 2. c4 e6 3. Nc3 Bb4 4. f3 O-O 5. e4 c5 6. d5 Bxc3+ 7. bxc3 d6 8. Bd3
e5 9. Ne2 h6 10. Be3 Nh7 11. Ng3 Nd7 12. O-O Ndf6 13. Qd2 Re8 14. Rab1 b6 15.
h3 Nf8 16. Nf5 Bxf5 17. exf5 N6h7 18. Qf2 Nd7 19. Be4 Ndf6 20. Bd2 Ng5 21. Rbe1
Nh5 22. Kh2 Nf4 23. h4 Nxe4 24. Rxe4 Nh5 25. Rfe1 Nf6 26. R4e2 Qd7 27. g4 Nh7
28. Qg3 f6 29. Rg2 Kh8 30. Qf2 Re7 31. Qe3 Rae8 32. Qd3 Rf7 33. Qe4 Rff8 34.
Reg1 Rf7 35. Rg3 Qa4 36. R1g2 Ref8 37. g5 fxg5 38. hxg5 Rxf5 39. Rh3 Qd1 40.
gxh6 g5 41. Rhg3 Rxf3 42. Rxf3 Qxf3 43. Qxf3 Rxf3 44. Re2 Rf6 45. Kg3 Rxh6 46.
Kg4 Kg7 47. Rf2 Kg6 48. Kg3 Nf6 49. Re2 Rh1 50. Be1 g4 51. Bd2 Rh3+ 52. Kg2 Nh5
53. a4 Rf3 54. Re4 Nf4+ 55. Kg1 Kf5 56. Re1 Nh3+ 57. Kh1 g3 58. Be3 Nf4 59. a5
bxa5 60. Bg1 g2+ 0-1

[Event "Club Championships, A Grade"]
[Site "Wellington Chess Club"]
[Date "2010.09.07"]
[Round "7"]
[White "Dive, Russell"]
[Black "Nijman, Brian"]
[Result "1-0"]
[WhiteElo "2460"]
[BlackElo "2160"]

1. c4 f5 2. Nf3 e6 3. g3 Nf6 4. Bg2 d5 5. O-O Bd6 6. d4 c6 7. b3 Qe7 8. Bb2 O-O
9. e3 a5 10. Nc3 b6 11. Ne2 Ba6 12. Qc2 b5 13. Ne5 Ng4 14. Nxg4 fxg4 15. cxd5
cxd5 16. e4 Qg5 17. Bc1 Qg6 18. Bf4 Rc8 19. Qd1 Ba3 20. exd5 Bb7 21. Be5 exd5
22. Nf4 Qf7 23. Qxg4 Nd7 24. Rad1 Re8 25. Rfe1 Bb2 26. Nd3 Bc3 27. Re3 Rac8 28.
Rf3 Qe7 29. Rf5 Rcd8 30. Bxg7 1-0

[Event "Club Championships, A Grade"]
[Site "Wellington Chess Club"]
[Date "2010.09.07"]
[Round "7"]
[White "Ker, Anthony"]
[Black "Pomeroy, Arthur"]
[Result "1-0"]
[WhiteElo "2432"]
[BlackElo "2099"]

1. e4 c5 2. c3 Nf6 3. e5 Nd5 4. d4 cxd4 5. Nf3 e6 6. cxd4 d6 7. Bc4 dxe5 8.
dxe5 Bb4+ 9. Bd2 Bxd2+ 10. Nbxd2 O-O 11. O-O Nc6 12. a3 Nf4 13. Qc2 Bd7 14. Qe4
Ng6 15. b4 b5 16. Bxb5 Ncxe5 17. Bxd7 Nxd7 18. Rfd1 Nf6 19. Qd4 e5 20. Qb2 Re8
21. Nc4 Qe7 22. Nd6 Red8 23. Nf5 Qe6 24. Ne3 e4 25. Nd4 Qe5 26. Rd2 Nf4 27. Nc6
Qxb2 28. Rxb2 Rd6 29. b5 Kf8 30. a4 Nd7 31. Na5 Rc8 32. Nac4 Rd4 33. Rc2 Nd3
34. Rb1 f5 35. g3 g5 36. Ne5 Rxc2 37. Nxc2 Rd5 38. Nc6 Rc5 39. N2d4 Nb6 40.
Ne6+ 1-0

[Event "Club Championships, A Grade"]
[Site "Wellington Chess Club"]
[Date "2010.09.07"]
[Round "7"]
[White "Marner, Gavin"]
[Black "Nyberg, Michael"]
[Result "1-0"]
[WhiteElo "2034"]
[BlackElo "1998"]

1. e4 d6 2. d4 Nf6 3. Nc3 g6 4. f3 Nbd7 5. Be3 c6 6. Qd2 Qa5 7. Bd3 e5 8. Nge2
b5 9. d5 cxd5 10. Nxb5 Qxd2+ 11. Bxd2 dxe4 12. fxe4 Ke7 13. O-O Bg7 14. Nc7 Rb8
15. Bg5 Bb7 16. Nc3 Kf8 17. N7b5 Bxe4 18. Bxe4 Nxe4 19. Nxe4 Rxb5 20. Nxd6 Rxb2
21. Rxf7+ Kg8 22. Rxd7 h6 23. Be3 e4 24. Rxg7+ 1-0

[Event "Club Championships, A Grade"]
[Site "Wellington Chess Club"]
[Date "2010.09.07"]
[Round "7"]
[White "Van der Hoorn, Mark"]
[Black "Wilson, Jesse"]
[Result "0-1"]
[WhiteElo "2182"]
[BlackElo "2078"]

1. e4 e5 2. Nf3 Nc6 3. Bc4 Bc5 4. b4 Bb6 5. a4 a6 6. Nc3 d6 7. Nd5 Nf6 8. Nxb6
cxb6 9. d4 Bg4 10. dxe5 Nxe5 11. Be2 O-O 12. Nxe5 Bxe2 13. Qxe2 dxe5 14. Bb2
Qc7 15. O-O Rac8 16. Rfe1 Rfe8 17. Rad1 Qxc2 18. Qxc2 Rxc2 0-1

[Event "Club Championships, A Grade"]
[Site "Wellington Chess Club"]
[Date "2010.09.14"]
[Round "8"]
[White "Ker, Anthony"]
[Black "Nyberg, Michael"]
[Result "1-0"]
[WhiteElo "2432"]
[BlackElo "1998"]

1. e4 Nf6 2. e5 Nd5 3. d4 d6 4. Nf3 Nc6 5. c4 Nb6 6. e6 fxe6 7. Nc3 g6 8. Be3
Bg7 9. h4 e5 10. d5 e4 11. Nxe4 Ne5 12. Nd4 c5 13. dxc6 Nxc6 14. Ng5 Nxd4 15.
Bxd4 e5 16. Be3 Bf5 17. g4 Bd7 18. Qxd6 Bxg4 19. Qb4 Bf5 20. Rd1 Qc7 21. c5 Nd7
22. Bc4 O-O-O 23. Nf7 Bg4 24. Be2 Qc6 25. Bxg4 Qxh1+ 26. Ke2 Qc6 27. Rd6 Qc7
28. Bg5 a5 29. Qb5 Rdf8 1-0

[Event "Club Championships, A Grade"]
[Site "Wellington Chess Club"]
[Date "2010.09.14"]
[Round "8"]
[White "Pomeroy, Arthur"]
[Black "Nijman, Brian"]
[Result "0-1"]
[WhiteElo "2099"]
[BlackElo "2160"]

1. e4 c5 2. Nf3 a6 3. c4 e6 4. d4 cxd4 5. Nxd4 Qc7 6. Nc3 Nf6 7. Bd3 Bd6 8. Qe2
Nc6 9. Nxc6 dxc6 10. h3 Be5 11. Bd2 Bd4 12. f4 e5 13. f5 h5 14. Bg5 Bd7 15. Qd2
Qa5 16. Ne2 Qxd2+ 17. Kxd2 c5 18. Nxd4 cxd4 19. b4 h4 20. a4 a5 21. b5 Rc8 22.
Kc2 b6 23. Kb3 Ke7 24. Rhc1 Kd6 25. Rc2 Be8 26. Bc1 Nd7 27. Ba3+ Nc5+ 28. Bxc5+
Kxc5 29. Rf1 f6 30. Rf3 Bh5 31. Rf1 Bf7 32. Rd2 Rh5 33. Rff2 Rg5 34. Rf3 Bh5
35. Rff2 Rg3 36. Kc2 Bf7 37. Kb3 Rxd3+ 38. Rxd3 Bxc4+ 39. Kc2 Bxd3+ 40. Kxd3
Kb4 41. Ra2 Rc3+ 42. Kd2 Kb3 43. Ra1 Kb2 44. Rf1 Rg3 45. Rf3 0-1

[Event "Club Championships, A Grade"]
[Site "Wellington Chess Club"]
[Date "2010.09.14"]
[Round "8"]
[White "Sellen, Ian"]
[Black "Marner, Gavin"]
[Result "0-1"]
[WhiteElo "2026"]
[BlackElo "2034"]

1. c4 e5 2. Nc3 Nf6 3. Nf3 Nc6 4. g3 Bc5 5. Bg2 d6 6. O-O Be6 7. d3 Qc8 8. Ng5
Bd7 9. Nge4 Nxe4 10. Nxe4 Bb6 11. Bd2 Bh3 12. a4 a5 13. Rc1 Bxg2 14. Kxg2 f5
15. Nc3 h5 16. Bg5 h4 17. gxh4 Nd4 18. Nd5 f4 19. f3 Nf5 20. Qe1 Be3 21. Rb1 c6
22. Nc3 Bb6 23. Nd1 Bd8 24. Kh1 Bxg5 25. hxg5 Ng3+ 26. Kg1 Nxf1 27. Qxf1 Qf5
28. Nf2 Qxg5+ 29. Ng4 Rh4 30. Qg2 O-O-O 31. Rc1 Rdh8 32. Kf2 Qd8 33. Kf1 Qb6
34. e4 fxe3 35. Qe2 Qd4 36. Kg1 Rf8 37. Nxe3 Rfh8 38. Re1 Rxh2 39. Qxh2 Rxh2
40. Kxh2 Qh4+ 0-1

[Event "Club Championships, A Grade"]
[Site "Wellington Chess Club"]
[Date "2010.09.14"]
[Round "8"]
[White "Turner, Michael"]
[Black "Dive, Russell"]
[Result "0-1"]
[WhiteElo "2099"]
[BlackElo "2460"]

1. c4 c6 2. d4 d5 3. Nf3 Nf6 4. e3 a6 5. cxd5 cxd5 6. Bd3 Nc6 7. Nc3 Bg4 8. Qb3
Na5 9. Qa4+ b5 10. Qc2 Bxf3 11. gxf3 e6 12. Qe2 Be7 13. O-O O-O 14. Kh1 Qd6 15.
f4 Rfc8 16. Bd2 Nc4 17. Be1 Qb6 18. Rg1 Rc7 19. f3 Rac8 20. Bf2 Nxb2 21. Qxb2
Rxc3 22. Qe2 Ne8 23. e4 dxe4 24. fxe4 Qb7 25. Rae1 Bb4 26. Rb1 Ba3 27. Be3 Nd6
28. d5 exd5 29. Bd4 dxe4 30. Rxg7+ Kf8 31. Rg8+ Kxg8 32. Qg4+ Kf8 33. Qg7+ Ke8
34. Bxc3 exd3+ 35. Kg1 Bc5+ 36. Bd4 Qe4 37. Qg8+ Kd7 38. Qg4+ Qf5 0-1

[Event "Club Championships, A Grade"]
[Site "Wellington Chess Club"]
[Date "2010.09.21"]
[Round "9"]
[White "Marner, Gavin"]
[Black "Ker, Anthony"]
[Result "0-1"]
[WhiteElo "2034"]
[BlackElo "2432"]

1. e4 d6 2. d4 Nf6 3. Nc3 g6 4. Be3 c6 5. Qd2 b5 6. f3 Nbd7 7. Nd1 e5 8. c3 Qc7
9. Nf2 Nb6 10. Rd1 Be6 11. b3 a5 12. Ngh3 exd4 13. Qxd4 Nbd7 14. Ng5 Be7 15.
Nxe6 fxe6 16. Bh6 d5 17. exd5 exd5 18. Ng4 O-O-O 19. Bf4 Qb7 20. Nxf6 Bxf6 21.
Qd3 Rhe8+ 22. Kd2 Nc5 23. Qc2 b4 24. c4 dxc4+ 25. Kc1 Rxd1+ 26. Kxd1 Qd7+ 27.
Qd2 Qf5 28. Qf2 Qb1+ 29. Bc1 Rd8+ 0-1

[Event "Club Championships, A Grade"]
[Site "Wellington Chess Club"]
[Date "2010.09.21"]
[Round "9"]
[White "Van der Hoorn, Mark"]
[Black "Sellen, Ian"]
[Result "0-1"]
[WhiteElo "2182"]
[BlackElo "2026"]

1. f3 d5 2. Kf2 c5 3. Kg3 Qc7+ 4. Kf2 Nf6 5. e3 Bd7 6. b3 e5 7. Bb2 Nc6 8. Bb5
O-O-O 9. a4 a6 10. Be2 d4 11. e4 Be6 12. Qf1 Nb4 13. Bc4 Nxc2 14. Bxe6+ fxe6
15. Qc4 Nxa1 16. Qxe6+ Kb8 17. Bxa1 Re8 18. Qc4 Be7 19. Ne2 Rhf8 20. Ng3 Qc6
21. Re1 b5 22. axb5 axb5 23. Qc2 g6 24. Kg1 c4 25. bxc4 Qxc4 26. Qb2 Qb4 27.
Qa2 Kb7 28. Bb2 Ra8 29. Qe6 Qd6 30. Qb3 Ra6 31. Na3 Rb6 32. Nc2 Qe6 33. Qd3 Qc4
0-1

[Event "Club Championships, A Grade"]
[Site "Wellington Chess Club"]
[Date "2010.09.28"]
[Round "10"]
[White "Turner, Michael"]
[Black "Pomeroy, Arthur"]
[Result "0-1"]
[WhiteElo "2099"]
[BlackElo "2099"]

1. d4 Nf6 2. c4 g6 3. Nc3 Bg7 4. e4 O-O 5. Be2 d6 6. Be3 e5 7. d5 a5 8. g4 Na6
9. h4 Nc5 10. Bf3 c6 11. g5 Nh5 12. Bxh5 gxh5 13. Qxh5 Nd3+ 14. Kd2 Nxb2 15.
Qe2 b5 16. dxc6 Nxc4+ 17. Ke1 a4 18. Nd5 Ba6 19. c7 Qd7 20. h5 Bb7 21. h6 Bh8
22. Qg4 Qe6 23. c8=Q Rfxc8 24. Qxe6 fxe6 25. Ne7+ Kf7 26. Nxc8 Rxc8 27. Rh4 b4
28. Nf3 d5 29. g6+ hxg6 30. Ng5+ Ke7 31. Nh7 Kd6 32. Bg5 Na3 33. Kf1 Ba6+ 34.
Kg1 Nc2 35. Rb1 b3 36. axb3 a3 37. Bc1 a2 38. Ba3+ Nxa3 39. Ra1 Rc2 40. Nf8 Rb2
41. Kg2 Nc2 42. Nxg6 Bf6 43. Rxa2 Rxa2 44. h7 Bd3 45. h8=Q Bxh8 46. Nxh8 Bxe4+
47. Kg3 Ra3 48. Nf7+ Kc5 49. Nxe5 Rxb3+ 50. Kf4 Nd4 51. Rh1 Bxh1 0-1

[Event "Club Championships, A Grade"]
[Site "Wellington Chess Club"]
[Date "2010.10.05"]
[Round "11"]
[White "Dive, Russell"]
[Black "Nyberg, Michael"]
[Result "1-0"]
[WhiteElo "2460"]
[BlackElo "1998"]

1. c4 c6 2. b3 f5 3. Bb2 Nf6 4. Nf3 e6 5. g3 d5 6. Bg2 Bd6 7. O-O Nbd7 8. d4
Ne4 9. e3 Ndf6 10. Na3 Bd7 11. Nc2 a5 12. Nce1 Ng4 13. Nd3 Qb8 14. Qe2 O-O 15.
Rac1 Rf6 16. Nfe5 Bxe5 17. dxe5 Rh6 18. h3 Ngxf2 19. Rxf2 Nxf2 20. Qxf2 Qf8 21.
Bd4 g5 22. Nc5 Bc8 23. Na4 dxc4 24. Bc5 Qg7 25. Nb6 cxb3 26. axb3 Ra6 27. Nxc8
Qxe5 28. Ne7+ Kf7 29. Bd4 Qd6 30. Nxf5 exf5 31. Qxf5+ Ke8 32. Qc8+ Qd8 33. Qxb7
c5 34. Rxc5 Rab6 35. Re5+ Rhe6 36. Bc6+ Kf8 37. Rf5+ Rf6 38. Rxf6+ Qxf6 39.
Qc8+ Qd8 40. Qxd8+ 1-0

[Event "Club Championships, A Grade"]
[Site "Wellington Chess Club"]
[Date "2010.10.05"]
[Round "11"]
[White "Nijman, Brian"]
[Black "Van der Hoorn, Mark"]
[Result "0-1"]
[WhiteElo "2160"]
[BlackElo "2182"]

1. d4 Nf6 2. Bg5 c5 3. d5 Ne4 4. Bf4 Qb6 5. Qc1 c4 6. e3 Qa5+ 7. Nd2 c3 8. bxc3
Nxc3 9. e4 Nxe4 10. Bc4 e5 11. dxe6 fxe6 12. Nf3 Ba3 13. Qb1 O-O 14. Bxb8 Rxf3
15. c3 Nxd2 16. Kxd2 Rxf2+ 17. Ke1 Rb2 18. Qd3 Rxb8 19. Rf1 Qe5+ 20. Kd1 Qh5+
21. Ke1 d5 22. Rd1 Qe5+ 0-1

[Event "Club Championships, A Grade"]
[Site "Wellington Chess Club"]
[Date "2010.10.12"]
[Round "12"]
[White "Pomeroy, Arthur"]
[Black "Dive, Russell"]
[Result "1/2-1/2"]
[WhiteElo "2460"]
[BlackElo "2099"]

1. e4 Nf6 2. e5 Nd5 3. d4 d6 4. Nf3 Nc6 5. c4 Nb6 6. e6 fxe6 7. Nc3 g6 8. Be3
Bg7 9. h4 O-O 10. h5 e5 11. d5 Nd4 12. Nxd4 exd4 13. Bxd4 Bxd4 14. Qxd4 e5 15.
dxe6 Qf6 16. Qxf6 Rxf6 17. hxg6 hxg6 18. Nb5 Bxe6 19. Nxc7 Rc8 20. Nxe6 Rxe6+
21. Kd2 d5 22. c5 Rxc5 23. Bd3 Nc4+ 24. Bxc4 dxc4 25. Rhe1 Rd6+ 26. Kc2 Kf7 27.
Rad1 Rb6 28. Rd7+ Kf6 29. Kc3 Ra5 30. Ree7 Rab5 31. Rf7+ Kg5 32. Rd2 Ra5 33.
Rdd7 Rxa2 34. Rxb7 Raxb2 35. Rxb6 Rxb6 36. Rxa7 Rf6 37. Ra2 Rf4 38. Rd2 Rg4 39.
Rd5+ Kf6 40. g3 Re4 41. Ra5 g5 42. Rc5 Re2 43. Kxc4 Rxf2 44. Kd4 Rf3 45. Ke4
Rxg3 46. Rc6+ Kg7 47. Kf5 Kh7 48. Rc1 Rg2 49. Rh1+ Kg7 50. Rh5 g4 51. Rg5+ Kh6
52. Rxg4 Rxg4 53. Kxg4 1/2-1/2

[Event "Club Championships, A Grade"]
[Site "Wellington Chess Club"]
[Date "2010.10.12"]
[Round "12"]
[White "Van der Hoorn, Mark"]
[Black "Turner, Michael"]
[Result "0-1"]
[WhiteElo "2182"]
[BlackElo "2099"]

1. d4 Nf6 2. Bg5 d5 3. Bxf6 exf6 4. e3 Bf5 5. Ne2 Bd6 6. Ng3 Bg6 7. Bd3 c6 8.
Nf5 Bxf5 9. Bxf5 Qb6 10. Nd2 g6 11. Bd3 Nd7 12. O-O O-O 13. c4 dxc4 14. Nxc4
Qc7 15. Nxd6 Qxd6 16. Rc1 Rfe8 17. Bc4 Nb6 18. Qb3 Re7 19. a4 f5 20. g3 h5 21.
a5 Nc8 22. Be2 h4 23. Bf3 h3 24. Rc5 Rc7 25. Rfc1 Ne7 26. Qa4 Rac8 27. b4 b6
28. R5c4 b5 0-1

[Event "Club Championships, A Grade"]
[Site "Wellington Chess Club"]
[Date "2010.10.19"]
[Round "13"]
[White "Nyberg, Michael"]
[Black "Van der Hoorn, Mark"]
[Result "0-1"]
[WhiteElo "1998"]
[BlackElo "2182"]

1. d4 d6 2. g3 e5 3. dxe5 dxe5 4. Qxd8+ Kxd8 5. Nc3 Bc5 6. Bg2 c6 7. Nf3 f6 8.
Ne4 Be7 9. Be3 Kc7 10. O-O-O Na6 11. Kb1 Nh6 12. h3 Nf5 13. Bc1 Be6 14. g4 Nd6
15. Nfd2 Nb4 16. Nb3 Nxe4 17. Bxe4 a5 18. a3 a4 19. Nd2 Na2 20. Nf3 Bxa3 21.
Be3 Be7 22. c3 a3 23. Kc2 axb2 24. Kxb2 Ra3 25. Bd2 Rha8 26. Bc2 R3a6 27. Bxh7
Rb6+ 28. Kc2 Bb3+ 29. Kd3 Rd8+ 30. Nd4 exd4 31. cxd4 Bxd1 32. Ba5 Nb4+ 33. Kc3
Bxe2 34. Bxb6+ Kxb6 35. Re1 Nd5+ 36. Kc2 Ra8 37. Rb1+ Kc7 38. Kb2 Bc4 39. Kc1
Ra2 40. Bc2 Nc3 0-1

[Event "Club Championships, B Grade"]
[Site "Wellington Chess Club"]
[Date "2010.08.03"]
[Round "2"]
[White "Capper, David"]
[Black "Nicholls, Alistair"]
[Result "1/2-1/2"]
[WhiteElo "1744"]
[BlackElo "1740"]

1. Nf3 c5 2. g3 d6 3. d3 Nc6 4. Bg2 Nf6 5. O-O e5 6. Nbd2 Be7 7. e4 O-O 8. a4
h6 9. Nc4 Be6 10. Ne3 Qd7 11. Nh4 Bh3 12. Nhf5 Bxg2 13. Kxg2 Rfd8 14. Ng4 d5
15. Nxe7+ Qxe7 16. exd5 Nxd5 17. Re1 f6 18. c3 Qd7 19. Qe2 Nde7 20. Rd1 Qd5+
21. f3 Nf5 22. Nf2 h5 23. Ne4 c4 24. Nf2 cxd3 25. Nxd3 Qc4 26. Qe4 1/2-1/2

[Event "Club Championships, B Grade"]
[Site "Wellington Chess Club"]
[Date "2010.08.03"]
[Round "2"]
[White "Forster, Bill"]
[Black "Kay, Bruce"]
[Result "1-0"]
[WhiteElo "1984"]
[BlackElo "1738"]

1. Nf3 Nf6 2. c4 c5 3. g3 e6 4. Bg2 d5 5. cxd5 exd5 6. d4 Nc6 7. O-O Be7 8. Nc3
O-O 9. Bg5 cxd4 10. Nb5 Be6 11. Nbxd4 Qd7 12. Qa4 Nxd4 13. Qxd4 a6 14. Rfd1 h6
15. Bf4 Ne4 16. Ne5 Qb5 17. Bxe4 dxe4 18. Qxe4 Bf6 19. a4 Qe8 20. Rd6 Bxe5 21.
Bxe5 g6 22. Qh4 Kh7 23. Qf6 Rg8 24. Rad1 Rc8 25. a5 Bf5 26. Bc3 Be6 27. R1d4
Rb8 28. Rh4 Qf8 29. Rhd4 Rc8 30. Rxe6 fxe6 31. Rd7+ Rg7 32. Qxg7+ Qxg7 33.
Rxg7+ Kh8 34. Rf7+ 1-0

[Event "Club Championships, B Grade"]
[Site "Wellington Chess Club"]
[Date "2010.08.03"]
[Round "2"]
[White "Jackson, Ross"]
[Black "Stracy, Don"]
[Result "1/2-1/2"]
[WhiteElo "1977"]
[BlackElo "1796"]

1. d4 Nf6 2. c4 e6 3. Nc3 Bb4 4. f3 c5 5. a3 Bxc3+ 6. bxc3 b6 7. Bg5 d6 8. e4
h6 9. Bh4 Nbd7 10. Bd3 O-O 11. Ne2 Re8 12. O-O e5 13. d5 Nf8 14. Qc2 Ng6 15.
Be1 Bd7 16. f4 Ng4 17. Bd2 exf4 18. Nxf4 N4e5 19. Be2 Qe7 20. Rae1 Nxf4 21.
Bxf4 Rad8 22. Bg3 Rf8 23. Rf2 a6 24. Rb1 Rb8 25. Rff1 Qe8 26. h3 Ba4 1/2-1/2

[Event "Club Championships, B Grade"]
[Site "Wellington Chess Club"]
[Date "2010.08.03"]
[Round "2"]
[White "Rabina, Romeo"]
[Black "Brockway, Andrew"]
[Result "1-0"]
[WhiteElo "1718"]
[BlackElo "1804"]

1. e4 c5 2. Nf3 g6 3. d4 cxd4 4. Nxd4 Bg7 5. Nc3 Nc6 6. Be3 Nf6 7. Be2 O-O 8.
O-O d6 9. h3 Nxd4 10. Bxd4 b6 11. Bf3 Bb7 12. Re1 Nd7 13. Bxg7 Kxg7 14. Qd4+
Kg8 15. Rad1 Ne5 16. Be2 Qc8 17. f4 Nc6 18. Qe3 Nb4 19. Qd2 Qc5+ 20. Kh2 Qc8
21. a3 Na6 22. Nd5 Bxd5 23. exd5 Nc5 24. Bb5 a6 25. Bc6 Ra7 26. b4 Ne6 27. Qe3
Nd8 28. Ba4 Rb7 29. Rd3 b5 30. Rc3 Qd7 31. Bb3 Re8 32. Rd3 f6 33. c4 Rc7 34. c5
Nf7 35. Rc3 Qc8 36. g3 Kg7 37. c6 Nh6 38. Bc2 Nf7 39. Qb6 Nd8 40. Qd4 Qb8 41.
g4 Qa7 42. Qxa7 Rxa7 43. c7 Nf7 44. c8=Q Rxc8 45. Rxc8 e5 46. dxe6 1-0

[Event "Club Championships, B Grade"]
[Site "Wellington Chess Club"]
[Date "2010.08.10"]
[Round "3"]
[White "Brockway, Andrew"]
[Black "Forster, Bill"]
[Result "1/2-1/2"]
[WhiteElo "1804"]
[BlackElo "1984"]

1. e4 e6 2. d4 d5 3. Nd2 Nc6 4. Ngf3 Nf6 5. e5 Nd7 6. Nb3 f6 7. Bb5 fxe5 8.
Bxc6 bxc6 9. Bg5 Be7 10. Bxe7 Qxe7 11. Nxe5 Nxe5 12. dxe5 O-O 13. Qd4 Qg5 14.
O-O Rf4 15. Qe3 Qf5 16. Nd4 Qf7 17. f3 c5 18. Ne2 Rh4 19. Qf2 Rb4 20. b3 Qe7
21. c3 Rh4 22. g3 Rh5 23. f4 Ba6 24. Rfd1 Bxe2 25. Qxe2 Rf5 26. Rac1 Raf8 27.
Rf1 Qf7 28. Rf2 Qg6 29. Rg2 Rh5 30. Rf1 Rh3 1/2-1/2

[Event "Club Championships, B Grade"]
[Site "Wellington Chess Club"]
[Date "2010.08.10"]
[Round "3"]
[White "Dallow, Chris"]
[Black "Capper, David"]
[Result "0-1"]
[WhiteElo "1744"]
[BlackElo "1730"]

1. d4 g6 2. c4 Nf6 3. Nc3 Bg7 4. e4 d6 5. Nf3 O-O 6. Be2 Nbd7 7. O-O c5 8. d5
a6 9. h3 Ne8 10. Bd3 Ne5 11. Nxe5 Bxe5 12. f4 Bd4+ 13. Kh1 f5 14. exf5 gxf5 15.
Ne2 Bg7 16. Ng3 Bd4 17. Rb1 Ng7 18. b3 e6 19. dxe6 Bxe6 20. Bb2 Qf6 21. Be2
Bxb2 22. Qxd6 Bd4 23. Bf3 Rab8 24. Rbe1 Rfd8 25. Qb6 Bf7 26. Qa7 Qd6 27. Ne2
Rd7 28. Nxd4 cxd4 29. c5 Qc7 30. Rc1 Rbd8 31. Rfd1 d3 32. c6 bxc6 33. Qxa6 c5
34. Bc6 Rd6 35. Rxc5 d2 36. b4 Re6 37. Qf1 Rxc6 0-1

[Event "Club Championships, B Grade"]
[Site "Wellington Chess Club"]
[Date "2010.08.10"]
[Round "3"]
[White "Nicholls, Alistair"]
[Black "Jackson, Ross"]
[Result "0-1"]
[WhiteElo "1740"]
[BlackElo "1977"]

1. e4 c5 2. d4 cxd4 3. c3 dxc3 4. Nxc3 Nc6 5. Nf3 d6 6. Bc4 a6 7. O-O Na5 8.
Bd3 e6 9. Qe2 Nf6 10. Rd1 Qc7 11. Bf4 e5 12. Bg5 Be6 13. Rac1 Qb8 14. b4 Nc6
15. b5 axb5 16. Bxb5 Nd7 17. Bc4 Bxc4 18. Qxc4 h6 19. Be3 Be7 20. Nb5 O-O 21.
a3 Nf6 22. Bb6 Bd8 23. Bxd8 Rxd8 24. Rd3 Na5 25. Qa2 Nxe4 26. Rc7 Rf8 27. Qd5
Nf6 28. Qxd6 e4 29. Rd4 exf3 30. Qe7 Nc6 0-1

[Event "Club Championships, B Grade"]
[Site "Wellington Chess Club"]
[Date "2010.08.17"]
[Round "4"]
[White "Aldridge, Alan"]
[Black "Brockway, Andrew"]
[Result "0-1"]
[WhiteElo "1909"]
[BlackElo "1804"]

1. e4 c5 2. Nf3 g6 3. Nc3 Nc6 4. Bb5 Bg7 5. Bxc6 bxc6 6. O-O e5 7. d3 h6 8. Be3
d6 9. Nd2 Ne7 10. f4 f5 11. Nf3 exf4 12. Bxf4 O-O 13. Qd2 Kh7 14. Kh1 fxe4 15.
Nxe4 Nf5 16. h3 d5 17. Nxc5 Bxb2 18. Rae1 Bg7 19. Ne6 Bxe6 20. Rxe6 Qd7 21.
Rfe1 Rae8 22. Rxe8 Rxe8 23. g4 Rxe1+ 24. Qxe1 Nd4 25. Nxd4 Bxd4 26. Qb4 Bb6 27.
Qf8 Qg7 28. Qd6 Qa1+ 0-1

[Event "Club Championships, B Grade"]
[Site "Wellington Chess Club"]
[Date "2010.08.17"]
[Round "4"]
[White "Capper, David"]
[Black "Kay, Bruce"]
[Result "1-0"]
[WhiteElo "1744"]
[BlackElo "1738"]

1. Nf3 d5 2. g3 c5 3. d3 Nc6 4. Bg2 e5 5. O-O f6 6. Nbd2 Be6 7. h3 Qd7 8. Kh2
g5 9. Ng1 h5 10. e4 d4 11. a4 O-O-O 12. Nc4 Kb8 13. Bd2 Nh6 14. Bf3 g4 15. Be2
gxh3 16. Bxh5 Ng4+ 17. Bxg4 Bxg4 18. f3 Be6 19. f4 Bg4 20. Nf3 Bg7 21. Qe1 Bxf3
22. Rxf3 Rdf8 23. Qf2 Bh6 24. fxe5 Bxd2 25. Qxd2 fxe5 26. Raf1 Qg7 27. Rf5 Rhg8
28. Qf2 Rxf5 29. exf5 Qg4 30. f6 Rf8 31. Qf3 Qe6 32. Qf5 Qd5 33. Qf3 Qe6 34. g4
Ne7 35. Na5 Nd5 36. f7 b6 37. Nc4 Nf4 38. Nxe5 Qxe5 39. Qxf4 Qxf4+ 40. Rxf4 Kc7
41. Kxh3 Kd7 42. g5 Ke7 43. g6 Rh8+ 44. Kg4 Kf8 45. Kg5 Kg7 46. Rh4 1-0

[Event "Club Championships, B Grade"]
[Site "Wellington Chess Club"]
[Date "2010.08.17"]
[Round "4"]
[White "Jackson, Ross"]
[Black "Dallow, Chris"]
[Result "1/2-1/2"]
[WhiteElo "1977"]
[BlackElo "1730"]

1. d4 Nf6 2. c4 e6 3. Nc3 d5 4. cxd5 exd5 5. Bg5 Be7 6. e3 c6 7. Bd3 O-O 8.
Nge2 Nbd7 9. O-O Re8 10. Rb1 Nf8 11. b4 Ne6 12. Bh4 b6 13. Qc2 h6 14. Na4 Bb7
15. Bg3 Rc8 16. Nf4 Nxf4 17. Bxf4 Bd6 18. Bf5 Rc7 19. Bxd6 Qxd6 20. Rfc1 Bc8
21. Bxc8 Rexc8 22. Nc3 Qd7 23. Qa4 Qf5 24. Qd1 Qd7 25. Ne2 c5 26. dxc5 bxc5 27.
Rxc5 Rxc5 28. bxc5 Rxc5 29. Rb8+ Kh7 30. Qb1+ g6 31. Rb7 Rc7 32. Rxc7 Qxc7 33.
Qc1 Qa5 34. a3 Ne4 35. f3 Nd6 36. Qc3 Qa4 37. Qb4 Qa6 38. Kf2 Nc4 39. a4 Qe6
40. Qc5 a5 41. Nf4 Qb6 42. Qe7 Nd6 43. g4 d4 44. Nd5 dxe3+ 45. Nxe3 Qd4 46. Kg3
1/2-1/2

[Event "Club Championships, B Grade"]
[Site "Wellington Chess Club"]
[Date "2010.08.17"]
[Round "4"]
[White "Rabina, Romeo"]
[Black "Forster, Bill"]
[Result "1-0"]
[WhiteElo "1718"]
[BlackElo "1984"]

1. e4 e6 2. d4 d5 3. Nc3 Bb4 4. Bd3 c5 5. exd5 exd5 6. Be3 Nc6 7. Bb5 Nf6 8.
Ne2 O-O 9. O-O Bg4 10. f3 Re8 11. Bf2 Bf5 12. dxc5 Bxc3 13. Nxc3 Qa5 14. a3
Rad8 15. b4 Qc7 16. Bh4 Qe5 17. Ne2 d4 18. Bg3 Qd5 19. Bc7 d3 20. cxd3 Bxd3 21.
Bxd8 Bxb5 22. Bxf6 Qe6 23. Nd4 Qxf6 24. Nxb5 1-0

[Event "Club Championships, B Grade"]
[Site "Wellington Chess Club"]
[Date "2010.08.24"]
[Round "5"]
[White "Brockway, Andrew"]
[Black "Capper, David"]
[Result "1/2-1/2"]
[WhiteElo "1804"]
[BlackElo "1744"]

1. e4 g6 2. Nc3 d6 3. d4 c6 4. Nf3 Bg7 5. Bc4 Nf6 6. O-O b5 7. Bd3 O-O 8. h3
Nbd7 9. Ne2 a6 10. c3 Bb7 11. Be3 c5 12. d5 e5 13. Qd2 c4 14. Bc2 Re8 15. Ng3
Qc7 16. Nh2 Nc5 17. f3 Bc8 18. Ng4 Ncd7 19. Nh6+ Kf8 20. Ng4 Ng8 21. Nh6 Ndf6
22. Ng4 Qe7 23. Bg5 Qb7 24. Be3 Qc7 25. Bg5 Bxg4 26. hxg4 h6 27. Be3 Nh7 28.
Kf2 f6 29. Rh1 Ng5 30. Bd1 Qf7 31. Be2 Rec8 32. a4 Qb7 33. Ra2 a5 1/2-1/2

[Event "Club Championships, B Grade"]
[Site "Wellington Chess Club"]
[Date "2010.08.24"]
[Round "5"]
[White "Dallow, Chris"]
[Black "Stracy, Don"]
[Result "0-1"]
[WhiteElo "1730"]
[BlackElo "1796"]

1. d4 Nf6 2. c4 e6 3. Nc3 Bb4 4. f3 c5 5. a3 Bxc3+ 6. bxc3 d6 7. e4 Nbd7 8. Bd3
O-O 9. Ne2 e5 10. d5 Re8 11. O-O Nf8 12. Ng3 Ng6 13. Be3 Bd7 14. Qd2 Qe7 15.
Rad1 Qf8 16. Nf5 Kh8 17. g4 a6 18. Rb1 b5 19. Rb3 bxc4 20. Bxc4 Bb5 21. Qe2
Reb8 22. Rfb1 Bxc4 23. Qxc4 Rxb3 24. Qxb3 Qd8 25. Qb7 Ne8 26. Rb6 Kg8 27. Nxd6
Nxd6 28. Rxd6 Qxd6 29. Qxa8+ Nf8 30. Qc8 Qd7 31. Qxc5 Qa4 32. Qb4 Qd1+ 33. Kg2
Qe2+ 34. Bf2 h6 35. c4 Ng6 36. Qe1 Qxc4 37. Qd2 Nf4+ 38. Kh1 Qf1+ 39. Bg1 Qxf3+
0-1